Thí nghiệm hóa lý

Gorde:
Xehetasun bibliografikoak
Egile nagusia: Nguyễn, Ngọc Hạnh
Formatua: Liburua
Argitaratua: Tp.Hồ Chí Minh ĐHQG Tp.Hồ Chí Minh 2012
Edizioa:In lần thứ 4
Gaiak:
Etiketak: Etiketa erantsi
Etiketarik gabe, Izan zaitez lehena erregistro honi etiketa jartzen!
Thư viện lưu trữ: Trung tâm Học liệu Lê Vũ Hùng, Trường Đại học Đồng Tháp
LEADER 00818pam a22002538a 4500
001 00038341
005 20171026081025.0
008 170515s2012 ||||||Viesd
041 0 # |a Vie 
082 1 4 |a 541  |b TH300NGH 
100 1 # |a Nguyễn, Ngọc Hạnh 
245 1 0 |a Thí nghiệm hóa lý 
250 # # |a In lần thứ 4 
260 # # |a Tp.Hồ Chí Minh  |b ĐHQG Tp.Hồ Chí Minh  |c 2012 
300 # # |a 76 tr.  |c 27 cm 
500 # # |a ĐTTS:ĐHQG Tp.Hồ Chí Minh. Trường đại học bách khoa 
653 # # |a Hóa lí 
653 # # |a Thí nghiệm 
852 # # |b Kho mượn  |j KM.0021925 
852 # # |b Kho đọc  |j KD.0020877 
852 # # |j KD.0020877  |j KM.0021925 
910 |d 15/05/2017 
980 # # |a Trung tâm Học liệu Lê Vũ Hùng, Trường Đại học Đồng Tháp